Jesuitas de México : revista de la Compañía de Jesús /

Guardado en:
Detalles Bibliográficos
Formato: Seriadas
Idioma:Español
Temas:
Etiquetas: Agrega una etiqueta
Sin etiquetas, Sé el primero en etiquetar este registro!

MARC

LEADER 00000nas^a2200000^a^4500
001 000273599
005 20260206115057.0
009 20260310111135.295
037 |a Acervo Xavier Clavigero 
041 |a ESP 
094 |a 60 FXC 
222 0 |a Jesuitas de México :,  |b (revista de la Compañía de Jesús /) 
245 0 0 |a Jesuitas de México :  |b revista de la Compañía de Jesús / 
264 |a México :  |b Buena Prensa,  |c 1992- 
300 |a volúmenes 
310 |a Cuatrimestral,  |b 2003- 
321 |a Irregular,  |b 1991-2002 
336 |a texto  |b txt  |2 rdacontenido 
337 |a sin mediación  |b n  |2 rdamedio 
338 |a volumen  |b nc  |2 rdasoporte 
362 |a No. 1 (otoño-invierno 1992)- 
599 |a La colección se encuentra incompleta 
599 |a La numeración de las revistas del Fondo Xavier Clavigero se están adecuando al acomodo en que quedaron en el traslado al ITESO y por lo tanto comienza la numeración a partir del 1 acompañadas de FXC desde este primer semestre de 2008. Las revistas que se dieron de alta anteriormente se irán incorporando a esta numeración. 
599 |a No vigente  |b Donación 
649 |a XX 
650 |a Jesuitas -  |x Publicaciones Periódicas Mexicanas -  |x Tema Principal 
650 |a Jesuitas en México -  |x Publicaciones Periódicas -  |x Tema Principal 
650 |a Publicaciones Periódicas Mexicanas 
910 |a Fondo General 
920 |a Impresos - Publicaciones Periódicas 
905 |a 105 
902 |a https://opac.biblio.iteso.mx/vufind/Record/000273599